| 000 | 00478nam a22001575i 4500 | ||
|---|---|---|---|
| 001 | 53633 | ||
| 003 | ES-MaACL | ||
| 007 | t| | ||
| 008 | 960702s1882 fr ||||1| fre d | ||
| 040 |
_aCAM _bspa _cCAM |
||
| 100 | 1 |
_aFellens, Ch. _949219 |
|
| 245 | 1 | 4 |
_aLes droits du seigneur sous la féodalité _b: peuple et noblesse ... / _cCh. Fellens. |
| 260 |
_aParis : _bS. Lambert et Cie., _c1882 ( _fimprimerie de Lagny) |
||
| 300 |
_a2 v. ; _c19 cm. |
||
| 852 |
_aES-MaACL _jG-11093-4 |
||
| 999 |
_c53633 _d53633 |
||